Actas del Primer Congreso Interamericano de Psicología : (Record no. 14777)

MARC details
000 -LEADER
campo de control de longitud fija 00936cam a2200265Mi 4500
001 - NÚMERO DE CONTROL
campo de control 94427
005 - FECHA Y HORA DE LA ÚLTIMA TRANSACCIÓN
campo de control 20230410101830.0
008 - DATOS DE LONGITUD FIJA--INFORMACIÓN GENERAL
campo de control de longitud fija 020501s1955 dr o 100 0 spa d
035 ## - NÚMERO DE CONTROL DEL SISTEMA
Número de control de sistema (OCoLC)ocn638875604
040 ## - FUENTE DE CATALOGACIÓN
Centro catalogador/agencia de origen ESUDE
Lengua de catalogación spa
Centro/agencia transcriptor ESUDE
035 ## - NÚMERO DE CONTROL DEL SISTEMA
Número de control de sistema (OCoLC)638875604
050 14 - SIGNATURA TOPOGRÁFICA DE LA BIBLIOTECA DEL CONGRESO
Número de clasificación 118 BF 20
Número de ítem C749a 1955
111 2# - ENTRADA PRINCIPAL--NOMBRE DE CONGRESO/REUNIÓN
Nombre de congreso/reunión o jurisdicción como elemento de entrada Congreso Interamericano de Psicología
Número del congreso/reunión o número de parte o sección (1o..
Fecha del congreso o de la firma del tratado 1953.
Sede del congreso/Lugar de la reunión Ciudad Trujillo, Rep. Dominicana)
245 10 - MENCIÓN DEL TÍTULO
Título Actas del Primer Congreso Interamericano de Psicología :
Resto del título celebrado en Ciudad Trujillo, Rep. Dominicana, del 10 al 20 de diciembre de 1953.
260 ## - PUBLICACIÓN, DISTRIBUCIÓN, ETC.
Lugar de publicación, distribución, etc. Ciudad Trujillo, República Dominicana :
Nombre del editor, distribuidor, etc. Editora del Caribe,
Fecha de publicación, distribución, etc. 1955.
300 ## - DESCRIPCIÓN FÍSICA
Extensión 810 p. :
Otras características físicas il. ;
Dimensiones 23 cm.
500 ## - NOTA GENERAL
Nota general Texto en español e inglés.
650 #0 - PUNTO DE ACCESO ADICIONAL DE MATERIA--TÉRMINO DE MATERIA
Término de materia o nombre geográfico como elemento de entrada Psychology
Subdivisión de forma Congresses.
650 #4 - PUNTO DE ACCESO ADICIONAL DE MATERIA--TÉRMINO DE MATERIA
Término de materia o nombre geográfico como elemento de entrada Psicología
Subdivisión de forma Congresos.
650 #4 - PUNTO DE ACCESO ADICIONAL DE MATERIA--TÉRMINO DE MATERIA
Término de materia o nombre geográfico como elemento de entrada CFB
650 #4 - PUNTO DE ACCESO ADICIONAL DE MATERIA--TÉRMINO DE MATERIA
Término de materia o nombre geográfico como elemento de entrada Colección Font Bernard
942 ## - ELEMENTOS DE ENTRADA SECUNDARIOS (KOHA)
Fuente del sistema de clasificación o colocación Clasificación de Library of Congress
Tipo de ítem Koha
946 ## - PROCESAMIENTO DE INFORMACIÓN LOCAL (OCLC)
a mm
994 ## -
-- C0
-- DRFGD
Holdings
Estatus retirado Estado de pérdida Fuente del sistema de clasificación o colocación Estado de daño No para préstamo Colección Biblioteca de origen Biblioteca actual Ubicación en estantería Fecha de adquisición Serial enumeration / chronology Signatura topográfica completa Código de barras Visto por última vez Copia número Tipo de ítem Koha
    Clasificación de Library of Congress     Recursos Regionales Biblioteca Juan Bosch Biblioteca Juan Bosch Recursos Regionales (2do. Piso) 10/04/2023 1 118 BF 20 C749a 1955 00000088332 23/10/2018 1